Представление документа в формате RUSMARC

ПолеНазваниеЗначение
  Тип записи a
  Библиографический уровень m
001 Контрольный номер RU/SLIB/B/225906198
005 Дата корректировки 20211213123426.5
010 Индекс ISBN __
a ISBN 5-365-00668-2
010 Индекс ISBN __
a ISBN 978-5-365-00668-3
d Цена 33-61
021 № государственной регистрации __
b № документа 2004-33901
b № документа 1701
100 Данные общей обработки __
a Данные общей обработки 19040609d2004 |||y0rusy0189 ca
101 Язык документа 0_
a Язык текста rus
c Язык оригинала rus
102 Страна публикации __
a Страна публикации ru
105 Кодированные данные (монография) __
a Кодированные данные (монография) y |||||||zy
200 Заглавие и сведения об ответственности 1_
a Заглавие Право социального обеспечения
e Сведения, относящиеся к заглавию учеб. пособие для студентов вузов
f Первые сведения об ответственности А. В. Удалова
b Общее обозначение материала Текст
210 Выходные данные 1_
a Место издания М.
c Издательство Омега-Л
d Дата издания 2007
215 Физическое описание __
a Объем 189 с.
225 Серия 2_
a Серия Библиотека высшей школы
330 Аннотация __
a Аннотация Пособие разработано на основе новейших нормативных правовых актов, учебной и монографической литературы по праву социального обеспечения.
606 Тематические рубрики __
a Основная рубрика Право
z Хронологическая подрубрика 21 в.
y Географическая подрубрика Россия; РФ
606 Тематические рубрики __
a Основная рубрика Право социального обеспечения
610 Ключевые слова 0_
a Ключевые слова социальное обеспечение; правоотношения; история права; трудовой стаж; страховой стаж; пенсионное обеспечение; трудовые пенсии; пенсионные фонды; социальное страхование; пособия; временная нетрудоспособность; пособие по безработице; пособие по беременности; пособие по временной нетрудоспособности; пособие по уходу за ребенком; пособие при рождении ребенка; пособие на погребение; денежные выплаты; социальное обслуживание; охрана здоровья; медицинская помощь; лекарственная помощь; социальная реформа
686 Индексы других классификаций __
a Классификационный индекс 67.405.2(2Рос)я73
700 Автор _1
a Фамилия Удалова
b Имя А. В.
4 Код отношения 070
801 Источник записи _0
a Страна ru
b Организация Муниципальное бюджетное учреждение культуры "Централизованная библиотечная система" г. Сургут (Центральная городская библиотека им. А. С. Пушкина)
c Дата составления 20040609
g Правила каталогизации КиК/Елгина
801 Источник записи _1
a Страна ru
b Организация Муниципальное бюджетное учреждение культуры "Централизованная библиотечная система" г. Сургут (Центральная городская библиотека им. А. С. Пушкина)
c Дата составления 20040609
g Правила каталогизации КиК/Елгина
852 Данные о местонахождении __
j Шифр хранения 67.405.2(2Рос)я73
c Каталожный индекс 67.405(2Рос)я73
i Авторский знак У 28
p Инвентарный номер Б/Н
901 Тип документа __
t Тип документа m
903 Характеристики (МАРС) __
a Дата передачи 20070307
969 Тип издания __
a Тип издания учебное пособие
990 Данные о заказе (DOS) __
j Количество экземпляров (DOS) 1
h N записи в КСУ для Б/У (DOS) 200703